000 00775nam a22002297a 4500
999 _c156579
_d156579
005 20180920145629.0
006 a|||||f|||| 00| 0
007 tc
008 180720b xxu||||| |||| 00| 0 eng d
010 _aBR-001777-BR-001780
020 _c200.00(per set)
035 _a BR-001777
037 _bA.I.C.B.
082 _a000
100 _aChona, Shayama
245 _aKaleidoscope India
_b: The India Quiz Book
_cby Shayama Chona
260 _aDelhi
_bA.C.I.B.
_cN.D.
270 _aSector-5, Rohini,
_bNew Delhi
_e110085
300 _a2V.,various pages.
_c30cm(HB).
942 _2ddc
_cBRLEN
_h000
_mCHO